Diversificación del bloque dominante y producción pecuaria
Guardat en:
| Format: | Text |
|---|---|
| Publicat: |
s.l:
s.e.
|
| Etiquetes: |
Afegir etiqueta
Sense etiquetes, Sigues el primer a etiquetar aquest registre!
|
MARC
| LEADER | 00000 a a2200000 04500 | ||
|---|---|---|---|
| 001 | 23986 | ||
| 003 | |||
| 040 | |||
| 090 | |a 170100 | ||
| 245 | |a Diversificación del bloque dominante y producción pecuaria | ||
| 260 | |a s.l: |b s.e. | ||
| 300 | |a pp. 180-223 | ||
| 999 | |c 14220 |d 14220 | ||
